000 00521nam a2200145 i 4500
001 38176
003 ES-MaACL
005 20230906155719.0
007 t|
008 030224s1911 sp ||||1| spa d
100 1 _aCalatayud Costa, Celedonio.
_933539
245 1 0 _aDiatermia
_b: contribución al estudio terapéutico de las oscilaciones eléctricas continuas de alta frecuencia /
_cCeledonio Calatayud Costa.
260 _aValencia :
_b[s.n.],
_c1911 (
_fEst. Tip. de Francisco Vives Mora)
852 _aES-MaACL
_jT-1260-F-6
999 _c38176
_d38176